| 000 | 00348nam a22001337a 4500 | ||
|---|---|---|---|
| 082 |
_a631.37 _bAFR |
||
| 100 | _aAfreeda V | ||
| 245 | _aDesign and development of power operated nutmeg sheller | ||
| 260 |
_aTavanur _bDepartment of FPME _c2013 |
||
| 700 | _aAmal Padmu L P | ||
| 700 | _aMantu Kumar | ||
| 700 | _aSindhu Bhaskar (guide) | ||
| 942 | _cPR | ||
| 999 |
_c14065 _d14065 |
||